<?xml version="1.0" encoding="UTF-8"?>
<record
    xmlns:xsi="http://www.w3.org/2001/XMLSchema-instance"
    xsi:schemaLocation="http://www.loc.gov/MARC21/slim http://www.loc.gov/standards/marcxml/schema/MARC21slim.xsd"
    xmlns="http://www.loc.gov/MARC21/slim">

  <leader>00617nam a2200193   4500</leader>
  <controlfield tag="005">20251201164658.0</controlfield>
  <controlfield tag="008">251201b        |||||||| |||| 00| 0 eng d</controlfield>
  <datafield tag="020" ind1=" " ind2=" ">
    <subfield code="a">978-81-977500-2-1</subfield>
  </datafield>
  <datafield tag="041" ind1=" " ind2=" ">
    <subfield code="a">Eng</subfield>
  </datafield>
  <datafield tag="082" ind1=" " ind2=" ">
    <subfield code="2">2nd</subfield>
    <subfield code="a">CH 610.7349 GIL B11883</subfield>
  </datafield>
  <datafield tag="100" ind1=" " ind2=" ">
    <subfield code="a">Gill K K</subfield>
  </datafield>
  <datafield tag="245" ind1=" " ind2=" ">
    <subfield code="a">Textbook of Community Health Nursing-II for GNM Nursing Students </subfield>
  </datafield>
  <datafield tag="250" ind1=" " ind2=" ">
    <subfield code="a">2nd ed.</subfield>
  </datafield>
  <datafield tag="260" ind1=" " ind2=" ">
    <subfield code="a">New Delhi</subfield>
    <subfield code="b">CBS Publishers &amp; Distributors Pvt. Ltd.</subfield>
    <subfield code="c">2025</subfield>
  </datafield>
  <datafield tag="300" ind1=" " ind2=" ">
    <subfield code="a">xxvii,450p</subfield>
    <subfield code="b">pb</subfield>
    <subfield code="c">24x17.3cm</subfield>
  </datafield>
  <datafield tag="365" ind1=" " ind2=" ">
    <subfield code="a">Rupaye</subfield>
    <subfield code="b">595</subfield>
    <subfield code="c">INR</subfield>
  </datafield>
  <datafield tag="521" ind1=" " ind2=" ">
    <subfield code="a">Textbook of Community Health Nursing-II for GNM Nursing Students </subfield>
  </datafield>
  <datafield tag="942" ind1=" " ind2=" ">
    <subfield code="c">BK</subfield>
  </datafield>
  <datafield tag="999" ind1=" " ind2=" ">
    <subfield code="c">369229</subfield>
    <subfield code="d">369229</subfield>
  </datafield>
  <datafield tag="952" ind1=" " ind2=" ">
    <subfield code="0">0</subfield>
    <subfield code="1">0</subfield>
    <subfield code="2">ddc</subfield>
    <subfield code="4">0</subfield>
    <subfield code="7">3</subfield>
    <subfield code="8">REF</subfield>
    <subfield code="a">BTIN</subfield>
    <subfield code="b">BTIN</subfield>
    <subfield code="d">2025-11-18</subfield>
    <subfield code="e">Patil Medical Book</subfield>
    <subfield code="g">368.90</subfield>
    <subfield code="i">2026</subfield>
    <subfield code="l">0</subfield>
    <subfield code="o">CH 610.7349 GIL B11883</subfield>
    <subfield code="p">BTIN-BK-11883</subfield>
    <subfield code="r">2025-12-01 16:48:00</subfield>
    <subfield code="t">38%</subfield>
    <subfield code="v">595.00</subfield>
    <subfield code="w">2025-10-29</subfield>
    <subfield code="y">BK</subfield>
    <subfield code="z">BTIN-BK-11883</subfield>
  </datafield>
  <datafield tag="952" ind1=" " ind2=" ">
    <subfield code="0">0</subfield>
    <subfield code="1">0</subfield>
    <subfield code="2">ddc</subfield>
    <subfield code="4">0</subfield>
    <subfield code="7">0</subfield>
    <subfield code="8">NFIC</subfield>
    <subfield code="a">BTIN</subfield>
    <subfield code="b">BTIN</subfield>
    <subfield code="d">2025-11-18</subfield>
    <subfield code="e">Patil Medical Book</subfield>
    <subfield code="g">368.90</subfield>
    <subfield code="i">2026</subfield>
    <subfield code="l">4</subfield>
    <subfield code="m">2</subfield>
    <subfield code="o">CH 610.7349 GIL B11884</subfield>
    <subfield code="p">BTIN-BK-11884</subfield>
    <subfield code="r">2026-03-21 15:08:54</subfield>
    <subfield code="s">2026-03-11</subfield>
    <subfield code="t">38%</subfield>
    <subfield code="v">595.00</subfield>
    <subfield code="w">2025-10-29</subfield>
    <subfield code="y">BK</subfield>
    <subfield code="z">BTIN-BK-11884</subfield>
  </datafield>
  <datafield tag="952" ind1=" " ind2=" ">
    <subfield code="0">0</subfield>
    <subfield code="1">0</subfield>
    <subfield code="2">ddc</subfield>
    <subfield code="4">0</subfield>
    <subfield code="7">0</subfield>
    <subfield code="8">NFIC</subfield>
    <subfield code="a">BTIN</subfield>
    <subfield code="b">BTIN</subfield>
    <subfield code="d">2025-11-18</subfield>
    <subfield code="e">Patil Medical Book</subfield>
    <subfield code="g">368.90</subfield>
    <subfield code="i">2026</subfield>
    <subfield code="l">3</subfield>
    <subfield code="m">2</subfield>
    <subfield code="o">CH 610.7349 GIL B11885</subfield>
    <subfield code="p">BTIN-BK-11885</subfield>
    <subfield code="q">2026-04-13</subfield>
    <subfield code="r">2026-03-02 17:36:18</subfield>
    <subfield code="s">2026-03-02</subfield>
    <subfield code="t">38%</subfield>
    <subfield code="v">595.00</subfield>
    <subfield code="w">2025-10-29</subfield>
    <subfield code="y">BK</subfield>
    <subfield code="z">BTIN-BK-11885</subfield>
  </datafield>
  <datafield tag="952" ind1=" " ind2=" ">
    <subfield code="0">0</subfield>
    <subfield code="1">0</subfield>
    <subfield code="2">ddc</subfield>
    <subfield code="4">0</subfield>
    <subfield code="7">0</subfield>
    <subfield code="8">NFIC</subfield>
    <subfield code="a">BTIN</subfield>
    <subfield code="b">BTIN</subfield>
    <subfield code="d">2025-11-18</subfield>
    <subfield code="e">Patil Medical Book</subfield>
    <subfield code="g">368.90</subfield>
    <subfield code="i">2026</subfield>
    <subfield code="l">5</subfield>
    <subfield code="m">2</subfield>
    <subfield code="o">CH 610.7349 GIL B11886</subfield>
    <subfield code="p">BTIN-BK-11886</subfield>
    <subfield code="q">2026-04-13</subfield>
    <subfield code="r">2026-03-25 16:53:32</subfield>
    <subfield code="s">2026-03-25</subfield>
    <subfield code="t">38%</subfield>
    <subfield code="v">595.00</subfield>
    <subfield code="w">2025-10-29</subfield>
    <subfield code="y">BK</subfield>
    <subfield code="z">BTIN-BK-11886</subfield>
  </datafield>
  <datafield tag="952" ind1=" " ind2=" ">
    <subfield code="0">0</subfield>
    <subfield code="1">0</subfield>
    <subfield code="2">ddc</subfield>
    <subfield code="4">0</subfield>
    <subfield code="7">0</subfield>
    <subfield code="8">NFIC</subfield>
    <subfield code="a">BTIN</subfield>
    <subfield code="b">BTIN</subfield>
    <subfield code="d">2025-11-18</subfield>
    <subfield code="e">Patil Medical Book</subfield>
    <subfield code="g">368.90</subfield>
    <subfield code="i">2026</subfield>
    <subfield code="l">2</subfield>
    <subfield code="m">3</subfield>
    <subfield code="o">CH 610.7349 GIL B11887</subfield>
    <subfield code="p">BTIN-BK-11887</subfield>
    <subfield code="q">2026-04-13</subfield>
    <subfield code="r">2026-03-13 16:21:09</subfield>
    <subfield code="s">2026-03-13</subfield>
    <subfield code="t">38%</subfield>
    <subfield code="v">595.00</subfield>
    <subfield code="w">2025-10-29</subfield>
    <subfield code="y">BK</subfield>
    <subfield code="z">BTIN-BK-11887</subfield>
  </datafield>
</record>
